Statistiken für Die 10 Erfolgreichsten PlayStation Spiele

Klicken Sie hier um das Quiz zu spielen!

Allgemein

  • Dieses Quiz wurde 75 mal gespielt
  • Das Durchschnittsergebnis liegt bei 3 aus 10

Antwortstatistiken

PlatzSpielverkaufte EinheitenJahr% Korrekt
8Crash Bandicoot6,82 Millionen1996
59%
1Gran Turismo10,95 Millionen1997
44%
2Final Fantasy VII9,90 Millionen1997
38%
10Metal Gear Solid6,03 Millionen1998
30%
4Final Fantasy VIII8,60 Millionen1999
29%
5Tekken 38,30 Millionen1998
24%
3Gran Turismo 29,49 Millionen1999
21%
6Crash Bandicoot 2: Cortex Strikes Back7,58 Millionen1997
15%
7Crash Bandicoot 3: Warped7,13 Millionen1998
14%
9Driver6,27 Millionen1999
11%

Verteilung der Resultate

Perzentil nach korrekt beantworteten Fragen

Anzahl Personen mit jedem Resultat

Ihre Resultats-Entwicklung

Sie haben dieses Quiz noch nicht gespielt